000
00336nam a2200133Ia 4500
008
240624s9999 xx 000 0 und d
041
_a
eng
082
_a
364.163 ICF
100
_a
ICFAI
245
_a
CASE STUDIES IN SCAMS AND SCANDALS
260
_c
2006
_a
Hyderabad
_b
ICFAI University
300
_a
269 : p. : cm. ; 24
365
_c
RS
_b
25
999
_c
8323
_d
8323